Complejidad y contradicción en la arquitectura
Сохранить в:
| Главный автор: | |
|---|---|
| Формат: | |
| Язык: | испанский |
| Опубликовано: |
Barcelona
Gustavo Gili
1999
|
| Редактирование: | 9a. ed |
| Серии: | Colección Arquitectura y Crítica
|
| Предметы: | |
| Метки: |
Добавить метку
Нет меток, Требуется 1-ая метка записи!
|
MARC
| LEADER | 00000nam a2200000 a 4500 | ||
|---|---|---|---|
| 001 | UCM5309 | ||
| 003 | CL-VaPUC | ||
| 008 | 021003e19990000SP |||||||||||||||||spa|d | ||
| 082 | 0 | 4 | |a 720.1 |b VEN |2 21 |
| 100 | 0 | |a Venturi, Robert |e author |9 471558 | |
| 245 | 1 | 0 | |a Complejidad y contradicción en la arquitectura |
| 250 | |a 9a. ed | ||
| 300 | |a 234 p | ||
| 942 | |c BK | ||
| 945 | |d 20021003 00:00:00 |a vberengu | ||
| 260 | |a Barcelona |b Gustavo Gili |c 1999 | ||
| 650 | 0 | |a Arquitectura moderna |9 265021 | |
| 650 | 0 | |a Diseño arquitectónico |9 265271 | |
| 650 | 0 | |a Simbolismo |9 267046 | |
| 583 | |a last modification |c 20021003 00:00:00 |k Rodrigo Vera | ||
| 490 | 0 | |a Colección Arquitectura y Crítica | |
| 999 | |c 301444 |d 301442 | ||
| 952 | |0 0 |1 0 |4 0 |6 720_100000000000000_VEN_1999 |7 0 |8 A |9 360427 |a BIBARQ |b BIBARQ |d 2019-11-21 |i 3843009 |o 720.1 VEN 1999 |p 3843009 |r 2025-01-20 |w 2019-11-21 |y BK |k ARQ | ||
| 952 | |0 0 |1 0 |4 0 |6 720_100000000000000_VEN_1999 |7 0 |8 A |9 360428 |a BIBARQ |b BIBARQ |d 2019-11-21 |i 391254K |o 720.1 VEN 1999 |p 391254K |r 2025-01-20 |w 2019-11-21 |y BK |k ARQ | ||